00387nam a2200097Ia 4500008004100000100003900041245011800080260002700198650001200225856005200237171212s9999 xx 000 0 und d aMiller, Laurel E.;Martini, Jeffrey cMiller, Laurel E.;Martini, JeffreyaDemocratization in the Arab WorldbA Summary of Lessons from Around the Globe bRAND Corporationc2013 aHistory uhttp://www.jstor.org/stable/10.7249/j.ctt5hhstf